[Event "Western Province-chT"]
[Site "Cape Town"]
[Date "2018.08.11"]
[Round "3"]
[White "Gluckman, Paul"]
[Black "Vester, Jordan"]
[Result "1-0"]
[WhiteElo "1963"]
[BlackElo "1850"]
[PlyCount "81"]
[EventDate "2018.08.04"]
[EventType "team-tourn"]
[EventRounds "11"]
[EventCountry "RSA"]
[SourceTitle "EXT 2020"]
[Source "ChessBase"]
[SourceDate "2019.10.17"]
[SourceVersion "1"]
[SourceVersionDate "2019.10.17"]
[SourceQuality "1"]
[WhiteTeam "Cape Town"]
[BlackTeam "Grassy Park"]
[WhiteTeamCountry "RSA"]
[BlackTeamCountry "RSA"]

1. e4 c6 2. d4 d5 3. Nc3 dxe4 4. Nxe4 Nf6 5. Nxf6+ gxf6 6. Bf4 Bf5 7. Qd2 e6 8. Ne2 Bd6 9. 0-0-0 Bxf4 10. Qxf4 Nd7 11. Ng3 Bg6 12. h4 h5 13. Bd3 Bxd3 14. Rxd3 Qb8 15. Qf3 Qd6 16. Nxh5 f5 17. Nf4 0-0-0 18. g3 Nf6 19. Rhd1 Kb8 20. Ne2 Nd5 21. Rb3 f4 22. c4 Ne7 23. Qxf4 Qxf4+ 24. Nxf4 Nf5 25. Rbd3 Rd7 26. Kc2 Rhd8 27. Ne2 Kc7 28. Kc3 b6 29. Ng1 c5 30. dxc5 Rxd3+ 31. Rxd3 Rxd3+ 32. Kxd3 bxc5 33. h5 Nh6 34. f3 f5 35. Nh3 Kd6 36. Nf2 a5 37. Ke3 e5 38. g4 fxg4 39. fxg4 Ke6 40. Kf3 Nf7 41. Ne4 1-0

[Event "Wch U16"]
[Site "Montevideo"]
[Date "2017.09.24"]
[Round "9"]
[White "Vester, Jordan"]
[Black "Oviedo, Mathias"]
[Result "1-0"]
[WhiteElo "1832"]
[BlackElo "1556"]
[PlyCount "73"]
[EventDate "2017.09.17"]
[EventType "swiss"]
[EventRounds "11"]
[EventCountry "URU"]
[SourceTitle "CBM 180 Extra"]
[Source "ChessBase"]
[SourceDate "2017.10.06"]
[SourceVersion "1"]
[SourceVersionDate "2017.10.06"]
[SourceQuality "1"]

1. e4 c5 2. c3 d5 3. exd5 Qxd5 4. d4 Nc6 5. Nf3 Bg4 6. Be2 cxd4 7. cxd4 e6 8. 0-0 Bd6 9. h3 Bh5 10. Nc3 Qa5 11. d5 exd5 12. Nxd5 0-0-0 13. Qb3 Qxd5 14. Qxd5 Bh2+ 15. Nxh2 Rxd5 16. g4 Bg6 17. Bf3 Rd8 18. Bxc6 bxc6 19. Be3 Kb7 20. Nf3 Ne7 21. Rfd1 Nd5 22. Bd2 Rhe8 23. Nd4 Nb6 24. Ba5 Rd5 25. Nb3 Red8 26. Rxd5 Rxd5 27. Bc3 f6 28. Re1 Kc7 29. Nd4 Bf7 30. Nf5 Na4 31. Bb4 Rd7 32. b3 Nb2 33. Nxg7 Bxb3 34. Ne8+ Kc8 35. axb3 Nd3 36. Re4 Nxb4 37. Rxb4 1-0

[Event "Wch U16"]
[Site "Montevideo"]
[Date "2017.09.20"]
[Round "5"]
[White "Vester, Jordan"]
[Black "Hemmat, Alexander"]
[Result "0-1"]
[WhiteElo "1832"]
[BlackElo "1728"]
[PlyCount "46"]
[EventDate "2017.09.17"]
[EventType "swiss"]
[EventRounds "11"]
[EventCountry "URU"]
[SourceTitle "CBM 180 Extra"]
[Source "ChessBase"]
[SourceDate "2017.10.06"]
[SourceVersion "1"]
[SourceVersionDate "2017.10.06"]
[SourceQuality "1"]

1. e4 c5 2. c3 d5 3. exd5 Qxd5 4. d4 Nc6 5. Nf3 Bf5 6. Be3 Nf6 7. Nbd2 cxd4 8. Nxd4 0-0-0 9. Nxf5 Qxf5 10. Qa4 e6 11. Bb5 Bc5 12. Bxc6 Bxe3 13. fxe3 Qc5 14. Bxb7+ Kxb7 15. 0-0-0 Qxe3 16. Rhe1 Qg5 17. h4 Qh6 18. Re5 Nd5 19. Qb5+ Ka8 20. c4 Rc8 21. Kb1 Ne3 22. Rg1 Qg6+ 23. Re4 Nxc4 0-1

[Event "Wch U16"]
[Site "Montevideo"]
[Date "2017.09.19"]
[Round "4"]
[White "Batashevs, Arsens"]
[Black "Vester, Jordan"]
[Result "1-0"]
[WhiteElo "2058"]
[BlackElo "1832"]
[PlyCount "79"]
[EventDate "2017.09.17"]
[EventType "swiss"]
[EventRounds "11"]
[EventCountry "URU"]
[SourceTitle "CBM 180 Extra"]
[Source "ChessBase"]
[SourceDate "2017.10.06"]
[SourceVersion "1"]
[SourceVersionDate "2017.10.06"]
[SourceQuality "1"]

1. Nf3 d5 2. c4 c6 3. g3 dxc4 4. Qc2 b5 5. a4 Bb7 6. Bg2 Nd7 7. Nc3 a6 8. 0-0 e6 9. d4 cxd3 10. Qxd3 Ngf6 11. Rd1 Be7 12. Bf4 0-0 13. Ng5 b4 14. Nce4 g6 15. Nd6 Qb6 16. a5 Qa7 17. Qc4 Nd5 18. e4 Nxf4 19. gxf4 Bxg5 20. fxg5 Qc5 21. Qxc5 Nxc5 22. Rac1 Nb3 23. Nxb7 Nxc1 24. Rxc1 Rfc8 25. e5 Rc7 26. Nd6 Kf8 27. b3 Ke7 28. Rxc6 Rxc6 29. Bxc6 Rb8 30. Kf1 h6 31. h4 Rh8 32. Kg2 hxg5 33. hxg5 Rh4 34. Be4 Rg4+ 35. Kf3 Rxg5 36. Kf4 Rg1 37. Bd3 Ra1 38. Nb7 Kd7 39. Nc5+ Kc6 40. Na4 1-0

[Event "RSA-ch U16"]
[Site "Gauteng"]
[Date "2017.04.06"]
[Round "3"]
[White "Vester, Jordan"]
[Black "Van der Westhuizen, Donald"]
[Result "1-0"]
[WhiteElo "1743"]
[BlackElo "1505"]
[PlyCount "85"]
[EventDate "2017.04.05"]
[EventType "swiss"]
[EventRounds "11"]
[EventCountry "RSA"]
[SourceTitle "CBM 177 Extra"]
[Source "ChessBase"]
[SourceDate "2017.04.27"]
[SourceVersion "1"]
[SourceVersionDate "2017.04.27"]
[SourceQuality "1"]

1. e4 e6 2. Nf3 d5 3. Nc3 Nf6 4. e5 Nfd7 5. d4 c5 6. dxc5 Bxc5 7. Bd3 Nc6 8. Bf4 f6 9. exf6 Nxf6 10. 0-0 0-0 11. Bg3 Bd6 12. Bxd6 Qxd6 13. Nb5 Qf4 14. g3 Qh6 15. h4 e5 16. Ng5 e4 17. Be2 Ne7 18. Nc7 Rb8 19. c4 Nf5 20. Nxd5 Nxh4 21. gxh4 Kh8 22. Nxf6 gxf6 23. Nxe4 Qxh4 24. Qd6 Bh3 25. Ng3 Rbd8 26. Qc7 Rd7 27. Qc5 Rg8 28. Bf3 Rdg7 29. Qh5 Rxg3+ 30. fxg3 Rxg3+ 31. Kh2 Qf4 32. Qxh3 Rxh3+ 33. Kxh3 Qxc4 34. Rad1 Qe6+ 35. Bg4 Qxa2 36. Rd8+ Kg7 37. Rd7+ Kg8 38. Rxf6 Qb3+ 39. Rf3 Qb6 40. Rc3 Qh6+ 41. Kg3 Qf8 42. Rcc7 Qb8 43. Rg7+ 1-0